CATIA V5, 3D system integrované nástroje pre projektovanie

CATIA V5 (Dassault Systemes) ako plne integrovaným CAD/CAM/CAE/PDM softwarovým riešením pre vývoj, technologickú prípravu výroby nových priemyselných produktov a riadenia ich životného cyklu. Prehľad CATIA V5 podľa oblasti využitia. Prínos CATIA V5.

Salvato in:
Dettagli Bibliografici
Autore principale: Daneshjo, Naqibullah, 1964-
Natura: Capitolo di libro
Lingua:slovacco
Soggetti:
Tags: Aggiungi Tag
Nessun Tag, puoi essere il primo ad aggiungerne!!

MARC

LEADER 00000naa$a2200000$$$4500
001 0274681
005 20240502074319.5
041 0 |a slo 
044 |a SK 
245 1 0 |a CATIA V5, 3D system integrované nástroje pre projektovanie  |c Naqibullah Daneshjo 
520 |a CATIA V5 (Dassault Systemes) ako plne integrovaným CAD/CAM/CAE/PDM softwarovým riešením pre vývoj, technologickú prípravu výroby nových priemyselných produktov a riadenia ich životného cyklu. Prehľad CATIA V5 podľa oblasti využitia. Prínos CATIA V5. 
610 2 0 |a softvér 
610 2 0 |a automatizácia 
610 2 0 |a priemysel 
100 1 |a Daneshjo, Naqibullah, 1964-